| 000 | 00479nam a2200181 4500 | ||
|---|---|---|---|
| 005 | 20251009111733.0 | ||
| 008 | 250930b |||||||| |||| 00| 0 eng d | ||
| 041 | _aMarathi | ||
| 082 |
_a891.46 _bTOM |
||
| 100 |
_aTomar Lajjaram _9213614 |
||
| 245 | _aVidyabharatichya Chintanachi Disha | ||
| 260 |
_aPune _bBharatiya Vichar Sadhana Pune Prakashan _c2022 |
||
| 300 | _a208 | ||
| 365 |
_b140.00 _cRs.00 |
||
| 650 | _aGeneral | ||
| 700 |
_aKunte Sharad _9213093 |
||
| 942 | _cBK | ||
| 999 |
_c367890 _d367890 |
||